All K-Pop groups of 2021 - Statistics

General Stats
  • This quiz has been taken 32 times
  • The average score is 26 of 270
Answer Stats
K-Pop Group % Correct
BTS
83%
Blackpink
71%
Itzy
63%
Twice
63%
Exo
54%
Enhypen
50%
GI
50%
K/DA
50%
B.I.G
46%
Girls' Generation
46%
AOA
42%
Ateez
42%
Big Bang
42%
BtoB
38%
Day6
38%
(G)I-dle
38%
G)I-dle
38%
IKon
38%
Aespa
33%
Apink
33%
Astro
33%
Got7
33%
Ive
33%
B.A.P
29%
Block B
29%
CLC
29%
Cravity
29%
Dreamcatcher
29%
Everglow
29%
GFriend
29%
IZ
29%
Iz*One
29%
AB6IX
25%
Fromis 9
25%
H.O.T.
25%
Infinite
25%
I.O.I
25%
T-ara
25%
Treasure
25%
VIXX
25%
B1A4
21%
Blackswan
21%
B.O.Y
21%
Brave Girls
21%
Brown Eyed Girls
21%
Cherry Bullet
21%
F.T. Island
21%
Girl's Day
21%
The Boyz
21%
TVXQ
21%
Wanna One
21%
Weeekly
21%
Weki Meki
21%
Winner
21%
Wonder Girls
21%
After School
17%
Cignature
17%
CIX
17%
CNBLUE
17%
Crayon Pop
17%
DIA
17%
DKB
17%
E'Last
17%
Epex
17%
EXID
17%
Highlight
17%
Hotshot
17%
Victon
17%
WJSN
17%
A.C.E
13%
AKMU
13%
Billlie
13%
Boyfriend
13%
Dal Shabet
13%
DreamNote
13%
Fiestar
13%
Ghost9
13%
Golden Child
13%
Gugudan
13%
History
13%
Just B
13%
Teen Top
13%
Tomorrow X Together
13%
Triple H
13%
U-KISS
13%
UN
13%
VAV
13%
Verivery
13%
ZE:A(
13%
Be.A
8%
Berry Good
8%
Bestie
8%
Bvndit
8%
Ciipher
8%
EvoL
8%
Exo-CBX
8%
Exo-SC
8%
GWSN
8%
Hello Venus
8%
JBJ
8%
Tri.be
8%
Trouble Maker
8%
Uniq
8%
Up10tion
8%
WEi
8%
Woo!ah!
8%
X1
8%
A-Jax
4%
Baby Vox
4%
Bastarz
4%
BDC
4%
Boys Republic
4%
Brown Eyes
4%
Can
4%
Chocolat
4%
Coed School
4%
Davichi
4%
D-Crunch
4%
Drippin
4%
Elris
4%
Fin.K.L
4%
Glam
4%
Hot Issue
4%
Imfact
4%
In2It
4%
JBJ95
4%
Jewelry
4%
JJ Project
4%
Jus2
4%
JYJ
4%
Pink Fantasy
4%
TO1
4%
TRCNG
4%
TST
4%
Vanner
4%
VIXX LR
4%
AA
0%
A.cian
0%
Almeng
0%
AOA Cream
0%
April (girl group)
0%
A-Prince
0%
Argon
0%
Ariaz
0%
As One (musical duo)
0%
A Train To Autumn
0%
Baby Vox Re.V
0%
BAE173
0%
Baechigi
0%
Battle
0%
Beatwin
0%
Big Brain
0%
Bigflo
0%
Big Mama
0%
Big Star
0%
Black Beat
0%
Black Pearl
0%
Blady
0%
Bob Girls
0%
Bohemian
0%
Bolbbalgan4
0%
Botopass
0%
Boys Generally Asian
0%
Brown Eyed Soul
0%
BtoB 4U
0%
BtoB Blue
0%
Bulldog Mansion
0%
Busters
0%
Buzz
0%
Bye Bye Sea
0%
Chakra
0%
Champs
0%
Cherry Filter
0%
Cleo
0%
Click-B
0%
Clover (musical trio)
0%
CocoSori
0%
Cool
0%
C-REAL
0%
Cross Gene
0%
D1ce
0%
Deux
0%
D.Holic
0%
Diva
0%
DMTN
0%
Dongkiz
0%
Double S 301
0%
D-Unit
0%
Dynamic Duo
0%
ENOi
0%
Even of Day
0%
Fanatics
0%
Fanxy Red
0%
Favorite
0%
F.Cuz
0%
Fly to the Sky
0%
Forte di Quattro
0%
F-ve Dolls
0%
F(x) (musical group)
0%
Gangkiz
0%
Gavy NJ
0%
GD & TOP
0%
GD X Taeyang
0%
Girl Friends
0%
Girls' Generation-TTS
0%
Goofy
0%
GP Basic
0%
GreatGuys
0%
Gugudan SeMiNa
0%
HALO
0%
H&D
0%
HeartB
0%
Hinapia
0%
Hi Suhyun
0%
HNB
0%
Homme
0%
Honey G
0%
Honey Popcorn
0%
Hooni Yongi
0%
Humming Urban Stereo
0%
Hyeongseop X Euiwoong
0%
Hyukoh
0%
I.B.I
0%
Infinite F
0%
Infinite H
0%
JJCC
0%
JQT
0%
JtL
0%
J-Walk
0%
Kaachi
0%
Kangta & Vanness
0%
SM Town‎
0%
T1419
0%
Tahiti
0%
Target
0%
Tasty
0%
Teen Teen
0%
The Boss
0%
The Grace
0%
Tiny-G
0%
T-max
0%
Toheart
0%
Touch
0%
Toy
0%
Tritops
0%
Troy
0%
Tutti
0%
Two X
0%
Typhoon
0%
UNB
0%
Unicorn
0%
Uni.T
0%
UNVS
0%
Urban Zakapa
0%
Varsity
0%
Vromance
0%
W24
0%
WANNA.B
0%
Wanted
0%
Wassup
0%
We Girls
0%
We in the Zone
0%
Wings
0%
WJMK
0%
Wonder Boyz
0%
Wooseok x Kuanlin
0%
Xeno-T
0%
Year 7 Class 1
0%
Young Turks Club/YTC
0%
Yurisangja
0%
No matching quizzes found
Score Distribution
Percent of People with Each Score
Percentile by Number Answered
Your Score History
You have not taken this quiz